000 00280nam a2200109Ia 4500
008 190914s9999||||xx |||||||||||||| ||und||
100 _aGovt Finance Division
245 0 _aPakistan Economic Survey 2003-04
260 _aIslamabad
_bGovt Finance
_c1997
300 _a432
942 _cBK
999 _c8651
_d8651